02022nam a2200409 a 4500001001200000003000800012006001900020007001500039008004100054010001700095015001900112016001800131020003900149020003600188040002100224035002100245043001200266050002500278082002000303100002800323245014100351260005200492300002400544504006600568505038700634533015201021600003401173600005001207600004501257650004201302650003701344651004201381655002901423710001701452856012601469999001701595ebr10273771CaPaEBRm u cr cn|||||||||080623s2008 ilua sb 001 0beng  z 2008026876 aGBA8540242bnb7 z0145835972Uk z9780226741888 (cloth : alk. paper) z0226741885 (cloth : alk. paper) aCaPaEBRcCaPaEBR a(OCoLC)309103065 an-us---14aE457.2b.S383 2008eb04a973.7092aB2221 aSchwartz, Barry,d1938-10aAbraham Lincoln in the post-heroic erah[electronic resource] :bhistory and memory in late twentieth-century America /cBarry Schwartz. aChicago :bUniversity of Chicago Press,cc2008. axvi, 394 p. :bill. aIncludes bibliographical references (p. [305]-370) and index.0 aAscension : Lincoln in the Great Depression -- Apex : Lincoln in the Second World War -- Transition : Cold War, racial conflict, and contested images of Lincoln -- Transfiguration : civil rights movement, vanishing savior of the Union -- Erosion : fading prestige, benign ridicule -- Post-heroic era : acids of equality and the waning of greatness -- Inertia : the enduring Lincoln. aElectronic reproduction.bPalo Alto, Calif. :cebrary,d2013.nAvailable via World Wide Web.nAccess may be limited to ebrary affiliated libraries.10aLincoln, Abraham,d1809-1865.10aLincoln, Abraham,d1809-1865xPublic opinion.10aLincoln, Abraham,d1809-1865xInfluence. 0aPresidentszUnited StatesvBiography. 0aMulticulturalismzUnited States. 0aUnited StatesxHistoryy20th century. 7aElectronic books.2local2 aebrary, Inc.40uhttp://site.ebrary.com/lib/rucke/Doc?id=10273771zAn electronic book accessible through the World Wide Web; click to view c21859d21859